| 000 | 00991nam a2200277Ia 4500 | ||
|---|---|---|---|
| 001 | Para_10347 | ||
| 003 | CHAP | ||
| 008 | 220125sNovi xx 000 0 und d | ||
| 010 | _a209004 | ||
| 040 | _cCHAP | ||
| 090 | _aPA CD - TESIS 376 | ||
| 100 |
_aMorales Morales, Alexander _9128883 |
||
| 245 |
_aIdentificación del agente causal de la marchitez del aguacatero (Persea americana Mill) en Tepic, Nayarit / _c Alexander Morales Morales; Director Santos Gerardo Leyva Mir |
||
| 260 |
_aChapingo, Méx. : _b el autor |
||
| 300 | _a1 CDS ROM (53 p.) | ||
| 502 | _aTesis (Ing. Agr. Esp. en Parasitología Agrícola). UACh. Departamento Parasitología Agrícola | ||
| 700 |
_aLeyva Mir, Santos Gerardo. Director _9171335 |
||
| 710 | _aUACh Departamento Parasitología Agrícola | ||
| 901 | _aPA CD - TESIS 376 | ||
| 902 | _aM | ||
| 905 | _a513220Noviembre, 2014 8100000000 06 | ||
| 910 | _aNovi | ||
| 942 | _cPARA | ||
| 942 |
_cPARA _d2 |
||
| 999 |
_c209004 _d209004 |
||